Statistics for Sixpence None the Richer: Kiss Me Lyrics

Click here to take the quiz!

General Stats

  • This quiz has been taken 119 times
  • The average score is 100 of 124

Answer Stats

Answer % Correct
Kiss
100%
me
100%
kiss
100%
the
100%
I
99%
You
95%
and
93%
So
89%
on
89%
Oh
87%
will
87%
your
85%
twilight
84%
dress
84%
Swing
82%
swing
82%
wear
82%
beneath
81%
that
81%
milky
80%
shoes
80%
up
79%
those
79%
Silver
79%
sparkling
78%
hand
78%
tree
76%
out
76%
green
76%
house
75%
barley
75%
by
75%
grass
75%
father's
74%
step
74%
open
74%
of
73%
make
73%
Lift
72%
moonlit
71%
bearded
71%
fireflies
69%
floor
69%
take
68%
down
68%
broken
68%
Strike
68%
band
67%
spinning
67%
hanging
65%
We'll
65%
bring
65%
Bring
65%
map
65%
Nightly
65%
its
64%
beside
62%
hat
62%
moon's
62%
dance
62%
Lead
61%
upon
61%
tire
56%
flowered
51%
marked
48%
trail
44%

Score Distribution

Percentile by Number Answered

Percent of People with Each Score

Your Score History

You have not taken this quiz